[Event "TUR-chT2"]
[Site "Konya"]
[Date "2018.07.14"]
[Round "7.4"]
[White "Koc, Aylin"]
[Black "Kutlu, Gizem"]
[Result "1-0"]
[WhiteElo "1421"]
[BlackElo "1206"]
[PlyCount "57"]
[EventDate "2018.07.10"]
[EventType "team-swiss"]
[EventRounds "9"]
[EventCountry "TUR"]
[SourceTitle "EXT 2019"]
[Source "ChessBase"]
[SourceDate "2018.10.10"]
[SourceVersion "1"]
[SourceVersionDate "2018.10.10"]
[SourceQuality "1"]
[WhiteTeam "Pamukkale Yonetimi"]
[BlackTeam "Duzce Duzcespor"]
[WhiteTeamCountry "TUR"]
[BlackTeamCountry "TUR"]

1. e4 e5 2. Nf3 Nc6 3. Bc4 Bc5 4. c3 Nf6 5. d4 exd4 6. e5 Ng4 7. cxd4 Bb4+ 8. Nc3 d6 9. h3 Nh6 10. Bxh6 gxh6 11. Qb3 Qe7 12. 0-0 Bxc3 13. exd6 Qf6 14. Qxc3 cxd6 15. Rfe1+ Kd8 16. Qa3 Rg8 17. Kh1 Kc7 18. Rac1 Bd7 19. d5 Ne7 20. Bb5+ Kd8 21. Bxd7 Kxd7 22. Qb4 b6 23. Qa4+ Kd8 24. Qe4 Rg7 25. Nd4 Qe5 26. Qc2 Qg5 27. Qc7+ Ke8 28. Qc6+ Kf8 29. Qxa8+ 1-0